Výrobní zaměření zemědělských družstev bramborářské a bramborářsko-ovesné výrobní oblasti.
Skúmanie zemiakovo-ovsenej výrobnej oblasti najmä z Juhočeského kraja. Podiel rozhodujúceho odvetvia na celkových tržbách podniku. Štruktúra rozhodujúcich odvetví oblasti (chov dobytka, zemiaky, nepoľnohospodárska výroba). Vplyv výrobného zamerania na ekonomiku podniku. Výnosnosť rozhodujúcich výrob...
Gespeichert in:
| 1. Verfasser: | |
|---|---|
| Weitere Verfasser: | , |
| Format: | Buchkapitel |
| Sprache: | Tschechisch |
| Schlagworte: | |
| Tags: |
Keine Tags, Fügen Sie das erste Tag hinzu!
|
MARC
| LEADER | 00000naa a2200000 4500 | ||
|---|---|---|---|
| 001 | r008672 | ||
| 005 | 20221125081650.4 | ||
| 041 | 0 | |a cze | |
| 044 | |a [CS] | ||
| 245 | 1 | 0 | |a Výrobní zaměření zemědělských družstev bramborářské a bramborářsko-ovesné výrobní oblasti. |c F. Střeleček, I. Havelková, M. Novotná |
| 520 | |a Skúmanie zemiakovo-ovsenej výrobnej oblasti najmä z Juhočeského kraja. Podiel rozhodujúceho odvetvia na celkových tržbách podniku. Štruktúra rozhodujúcich odvetví oblasti (chov dobytka, zemiaky, nepoľnohospodárska výroba). Vplyv výrobného zamerania na ekonomiku podniku. Výnosnosť rozhodujúcich výrobkov. Porovnanie výnosnosti stratových a rentabilných podnikov. | ||
| 610 | 2 | 0 | |a výroba poľnohospodárska |
| 610 | 2 | 0 | |a Čechy |
| 610 | 2 | 0 | |a podnik poľnohospodársky |
| 610 | 2 | 0 | |a rentabilita podniku |
| 610 | 2 | 0 | |a výnosy podnikové |
| 610 | 2 | 0 | |a zemiaky |
| 610 | 2 | 0 | |a družstvá poľnohospodárske |
| 610 | 2 | 0 | |a údaje štatistické |
| 100 | 1 | |a Střeleček, František | |
| 700 | 1 | |a Havelková, I. | |
| 700 | 1 | |a Novotná, M. | |